Catálogo
 En Linea
Vista normal Vista MARC

Entrada Nombre personal

Número de registros utilizados en: 24

001 - NÚMERO DE CONTROL

  • campo de control: 10427

003 - IDENTIFICADOR DEL NÚMERO DE CONTROL

  • campo de control: BNPHU

005 - FECHA Y HORA DE LA ÚLTIMA TRANSACCIÓN

  • campo de control: 20240226143342.0

008 - DATOS DE LONGITUD FIJA

  • campo de control de longitud fija: 200615|| aca||aabn | a|a d

040 ## - FUENTE DE LA CATALOGACIÓN

  • Centro catalogador/agencia de origen: DO-SdBNP
  • Lengua de catalogación: spa
  • Centro/agencia transcriptor: BNPHU
  • Normas de descripción: rda

100 1# - ENCABEZAMIENTO-NOMBRE DE PERSONA

  • Nombre de persona: Mañón, Melvin

370 ## - LUGAR ASOCIADO

  • Lugar de nacimiento: San Felipe de Puerto Plata (República Dominicana)

374 ## - OCUPACIÓN

  • Ocupación: Escritor

375 ## - GÉNERO/SEXO

  • Género/Sexo: Masculino

377 ## - LENGUA/LENGUAJE ASOCIADO

  • Código del idioma: Español

400 ## - TRAZADO DE VÉASE--NOMBRE DE PERSONA

  • Nombre de persona: Mañón, Melvin, |
  • Fechas asociadas al nombre: 1944-

670 ## - FUENTE DE DATOS ENCONTRADOS

  • Cita de la fuente: Mañón, Melvin, Cambio de mandos , 1986.

670 ## - FUENTE DE DATOS ENCONTRADOS

  • Cita de la fuente: Juicio a Fidel, 1990

670 ## - FUENTE DE DATOS ENCONTRADOS

  • Cita de la fuente: Para que me conozcan, 2011

Con tecnología Koha